000 00618cam a2200229 a 4500
001 1442880
005 20180224035549.0
008 850802s1986 enka b 001 0 eng
010 _a 85019014
020 _a052130184X
020 _a0521317746 (pbk.)
040 _aDLC
_cDLC
_dDLC
041 _aeng
080 _a330.1
082 0 0 _a330.1 COR
_220
100 1 _a52
101 _aEKO
245 1 4 _aThe theory of externalities, public goods, and club goods /
_cRichard Cornes, Todd Sandler.
504 _aBibliography: p. 284-296.
906 _a7
_bcbc
_corignew
_d1
_eocip
_f19
_gy-gencatlg
942 _2ddc
_cBK
999 _c43366
_d43366